Infertilita ovlivněná bariatrickou léčbou obezity - kasuistika.

Bibliographic Details
Main Authors: Doležalová, K. (Author), Fried, M. (Author)
Format: Article
Language:Czech

MARC

LEADER 00000nab a2200000uu 4500
001 vtls010896954
003 SK-MaSNL
005 20260303142336.0
008 230222|2009 xo |||||||||||||||||cze|
015 |a SNBRB 
035 |a (urnnbn)urn:nbn:sk:snk:ar-006mdh 
035 |a (uuid)019cf736-3fe0-4a1f-999d-ea80a537b47f 
035 |a urn:nbn:sk:snk-ab8phn 
040 |a SNKBUCL  |b slo  |c SNKBUCL  |e AACR2 
041 0 |a cze 
044 |a xo  |c SK 
100 1 |a Doležalová, K.  |4 aut  |9 1133591 
245 1 0 |a Infertilita ovlivněná bariatrickou léčbou obezity - kasuistika.  |c K. Doležalová, M. Fried 
700 1 |a Fried, M.  |4 aut  |9 1133592 
773 0 |t Miniinvazívna chirurgia a endoskopia  |g Roč. 13, č. 1 (2009), s. 4-7 
958 |a OND 
958 |a EUIPO 
958 |a article10 
999 |c 1982154  |d 1984084